000 00711nam a2200241Ia 4500
003 OSt
005 20220926002457.0
006 a|||||r|||| 00| 0
007 ta
008 220923b |||||||| |||| 00| 0 eng d
037 _cGeneral Book
040 _aRTL
_cRTL
_beng
041 _2eng
_aeng
082 _aQ6.275.M, L4
100 _aDas Sisir Kumar
_924741
245 0 _aShadow of the cross
_b Christianity and hinduism in a colonial situation
260 _a New Delhi
_bMunshiram Manoharlal India
_c1974
300 _ax,181p.
_ccm.
500 _aBib p.167-74
650 _aChristianity
_940559
942 _hQ6.275.M, L4
_cGB
_2CC
999 _c605177
_d605177